Guess the Taylor Swift Song (no hints) 184 - Statistics

General Stats
  • This quiz has been taken 61 times
  • The average score is 161 of 234
Answer Stats
Answer % Correct
a
100%
A
100%
And,
95%
And
95%
I
95%
the
95%
you,
95%
You
95%
you
95%
me
92%
in
90%
it
90%
it's
87%
no
87%
On
87%
on
87%
be
85%
do
85%
So
85%
so
85%
When
85%
all
82%
can
82%
know
82%
of
82%
to
82%
by
79%
how
79%
That
79%
go
77%
if
77%
see
77%
But
74%
but
74%
for
74%
I've
74%
too
74%
what
74%
been
72%
now
72%
one
72%
there,
72%
this
72%
this,
72%
never
69%
ever
67%
would
67%
could
64%
had
64%
have
64%
didn't
62%
Am
59%
got
59%
nothin'
59%
Oh,
59%
oh
59%
times
56%
up
56%
saw
54%
still
54%
knew
51%
late,
51%
late
51%
first
49%
outside,
49%
outside
49%
ain't
44%
lookin'
44%
lot
44%
best
41%
better?
41%
find
41%
right?
41%
take
41%
wanted
41%
yeah
41%
anything
38%
baby,
38%
lets
38%
places
38%
read
38%
try
38%
few
36%
give
36%
lonely
36%
Nobody
36%
part
36%
seems
36%
went
36%
road
33%
work
33%
between
31%
lines
31%
nowhere
31%
reason
31%
tried
31%
view
31%
less
28%
traveled
28%
until
26%
helped
23%
notices
21%
No matching quizzes found
Score Distribution
Percent of People with Each Score
Percentile by Number Answered
Your Score History
You have not taken this quiz